00668cam a2200205 4500008004100000020001500041035001200056050002700068100002000095245007500115260004600190300002800236440003300264500002000297504003100317650002300348650002900371650001900400700004300419030115s1996 sp 000 0 spa u a8476584954 aa406639 aPT2635 .A27 bL85 19961 aLuhmann, Niklas aConfianza /cNiklas Luhmann ; introd. de Darío Rodríguez Mansilla. aBarcelona, España :bAnthropos, c1996. axxvii, 179 p. ;c18 cm. aBiblioteca A : Sociedad ; 23 aRec. Prop. Esc. aBibliografía: p. 165-1781 aComplejidad Social2 aConfianza (sociología)3 aComunicación1 aRodríguez Mansilla, Darío, introd.